MARC

LEADER 00000nam0a2200000 4500
001 27059
005 20231101205752.0
010 |a 5759800809 
035 |a (RuTPU)RU\TPU\book\27306 
035 |a BOOK00027381 
090 |a 27059 
100 |a 20011209d2001 k y0rusy50 ca 
101 0 |a rus 
102 |a RU 
105 |a y z 001zb 
200 1 |a Эмиль Дюркгейм в России  |f А. Б. Гофман 
210 |a Москва  |c ГУ-ВШЭ  |d 2001 
215 |a 101 с. 
320 |a Библиогр.: с. 88-100. 
517 1 |a Рецепция дюркгеймовской социологии в российской социальной мысли 
600 1 |a Дюркгейм  |b Э.  |f 1858-1917  |g Эмиль  |c основатель французской социологической школы  |2 stltpush  |3 (RuTPU)RU\TPU\pers\5942 
606 1 |a Социология  |x История  |2 stltpush  |3 (RuTPU)RU\TPU\subj\68529  |9 83774 
610 1 |a социология 
610 1 |a история 
610 1 |a Россия 
610 1 |a французская социология 
610 1 |a 19 век 
686 |a С51(2)  |v LBC/SL-A  |2 rubbk 
686 |a С5в,08  |v LBC/SL-A  |2 rubbk 
700 1 |a Гофман  |b А. Б.  |g Александр Бенционович 
801 0 |a RU  |b 63413507  |c 20011209  |g PSBO 
801 2 |a RU  |b 63413507  |c 20140424  |g PSBO 
942 |c BK